000 00555nam a22001817a 4500
999 _c181599
_d181599
005 20210924150016.0
010 _aENG-129967
020 _c550.00
_a9789353887537
035 _aEN-113499
037 _bDBAD/PUB
082 _a658.8342
100 _aGupa, Seema
245 _aHow people buy online:
_cby Seema Gupta
_bThe Psychology Behind LConsumer Behaviour/
260 _bSage
_c2021
270 _bNew Delhi
_aBI/1-1 Mohan Cooperative Industrial Area
_e110044
300 _axiv,258p.
_c21cm (pbk)
942 _2ddc
_cEN
_mGUP
_h658.8342